| 000 | 00833nam a22001817a 4500 | ||
|---|---|---|---|
| 003 | BD-DhUL | ||
| 005 | 20160821163325.0 | ||
| 008 | 160821b2009 bg ||||| |||| 00| 0 B d | ||
| 040 | _cBD-DhUL | ||
| 082 |
_a320.8 _bSAU |
||
| 100 | 1 | _aসালেহউদ্দিন, সৈয়দ জাভেদ | |
| 245 |
_aইউনিয়ন পরিষদের উন্নয়ন : _bসমস্যা ও সম্ভাবনা / _cসৈয়দ জাভেদ সালেহউদ্দিন |
||
| 260 |
_aঢাকা : _bবাংলাদেশ ল বুক সেন্টার, _c২০০৯ |
||
| 300 |
_a১০১ পৃ. : _c২০ সে.মি. |
||
| 500 | _aনির্ঘন্ট সম্বলিত | ||
| 650 |
_aস্থানীয় সরকার _zবাংলাদেশ |
||
| 942 |
_2ddc _cBK |
||
| 999 |
_c99985 _d99985 |
||